00381nam a2200133Ia 4500008004100000041000800041082001600049100002100065245006200086250001400148260004400162300003000206365001100236240624s9999 xx 000 0 und d aeng a658.406 FRE aFRENCH WENDELL L aORGANIZATION DEVELOPMENT BEHAVIORAL SCIENCE INTERVENTIONS a(6th ed.) c2007aNew DelhibPrentice-Hall of India axv, : 343 : p. : cm. ; 23 cRSb36